| 000 | 00721nam a2200229 a 4500 | ||
|---|---|---|---|
| 001 | 000043835 | ||
| 005 | 20201002045009.0 | ||
| 008 | 140506s1995 gr ac 001 0 spa | ||
| 020 | _a3895081027 | ||
| 040 |
_aDO-SdBNP _bspa _cBNPHU |
||
| 041 | 1 | 7 |
_aeng _hgerm. |
| 100 | 1 |
_aHopkinson, Amanda _971699 |
|
| 245 | 1 | 0 |
_a150 Years of photo journalism / _cAmanda Hopkinson. |
| 246 | 1 | 3 | _aOne hundred fifty years of photo journalism |
| 260 |
_aGermany : _bKönemann, _c1995. |
||
| 300 |
_av. : _bil., retrs. ; _c32 cm. |
||
| 490 | 1 | _ahulton deautsch collection | |
| 500 | _aLa biblioteca posee el v. 2 | ||
| 500 | _aIncluye índice | ||
| 546 | _atexto en English and German. | ||
| 830 | 0 |
_ahulton deautsch collection _971700 |
|
| 999 |
_c43324 _d43324 |
||